Osnovy postrojenija avtomatizirovannych sistem upravlenija

Gespeichert in:
Bibliographische Detailangaben
Format: Buch
Sprache:Russisch
Veröffentlicht: Moskva : Sovetskoje radio, 1977
Tags: Tag hinzufügen
Keine Tags, Fügen Sie das erste Tag hinzu!

MARC

LEADER 00000nam a22000003a 4500
001 stu40236
005 20141122044501.6
008 930407s1977----xxr-----------------rus-d
040 |a STU  |b slo 
041 0 |a rus 
044 |a xxr 
245 |a Osnovy postrojenija avtomatizirovannych sistem upravlenija 
260 |a Moskva :  |b Sovetskoje radio,  |c 1977 
300 |a 303 s 
996 |b 284M012253  |c M*6196-1  |l MMKN  |s A  |a 24  |w stu40236_0001